table de 8 jusqu'à 20 - Statistiques

Statistiques générales
  • Ce quiz a été pris 115 fois
  • Le résultat moyen est 10 sur 10
Statistiques - réponses
calcul réponse % Correct
13 x 8 104
100%
14 x 8 112
100%
15 x 8 120
100%
2 x 8 16
100%
20 x 8 160
100%
3 x 8 24
100%
4 x 8 32
100%
5 x 8 40
100%
6 x 8 48
100%
7 x 8 56
100%
8 x 8 64
100%
9 x 8 72
100%
1 x 8 8
100%
10 x 8 80
100%
11 x 8 88
100%
12 x 8 96
100%
16 x 8 128
89%
17 x 8 136
88%
19 x 8 152
88%
18 x 8 144
80%
Aucun quiz correspondant
Distribution des résultats
% des personnes avec chaque résultat
Percentile par nombre de réponses
Votre historique - résultats
Vous n’avez pas pris ce quiz